Score 0/27 Timer 03:00
0 Plays Today
Clue 4-letter word % Correct
Stretch of land used for travel by carsROAD
95.5%
✰Sweeney ____ - Victorian barber/murderer✰TODD
94.3%
Warty amphibian of the Anura orderTOAD
93.1%
✰____ Sparrow: Captain of the Black Pearl✰JACK
91%
Extinct bird or an idiotDODO
88.9%
An athletic HS studentJOCK
87.8%
Soil or earthDIRT
86.9%
Kwik-E-____ : Convenience store run by Apu Nahasapeemapetilon MART
86.3%
✰Johnny ____: Actor who played the characters in starred rungs✰DEPP
85.8%
Far from the surface of water to the bottomDEEP
84.9%
____ Straits: Knopfler brothers bandDIRE
84.3%
How a bird might strike with its beakPECK
84.1%
Second book of the New TestamentMARK
83.9%
An Easter marshmallow chick shaped candyPEEP
82.8%
Clue 4-letter word % Correct
A big stir or a fussTO-DO
82.2%
Scar left by a pustulePOCK
80%
A surreptitious lookPEEK
78.7%
The Knife responsible for disappearance of Louie MillerMACK
77.5%
1987 Aerosmith song (looks like a lady)DUDE
73.6%
County where Miami isDADE
71.4%
Rectangular groove in woodworkingDADO
63.7%
A levee, like those in the NetherlandsDIKE
59.4%
Term for a crucifixROOD
56.3%
✰Ed ____: Tim Burton film based on the life of the eponymous filmmaker✰WOOD
54.1%
✰Raoul ____ - Fear and Loathing in Las Vegas Protagonist✰DUKE
46.7%
✰____ Rainey: Novelist in Stephen King's Secret Window, Secret Garden✰MORT
32.9%
✰Victor Van ____: Groom of the Corpse Bride✰DORT
31.7%

Today's Daily Dose

Missing Word
I Hardly Know Her!

Word Ladder
Sentence Ending

Quick Pick
Female Firsts

Get the Picture
Triathlon Sports

Remove Ads.
Support Sporcle.
Get the best of Sporcle when you Go Orange. This ad-free experience offers more features, more stats, and more fun while also helping to support Sporcle. Thank you for becoming a member.

You're not logged in!

Compare scores with friends on all Sporcle quizzes.
OR
Log In

Show Comments

Extras

Top Quizzes Today


Score Distribution

Your Account Isn't Verified!

In order to create a playlist on Sporcle, you need to verify the email address you used during registration. Go to your Sporcle Settings to finish the process.

Report this User

Report this user for behavior that violates our Community Guidelines.

Details: